[Event "TUR-ch U13-U18"]
[Site "Antalya"]
[Date "2020.01.23"]
[Round "8"]
[White "Cay, Tufan"]
[Black "Oztuksavul, Ida"]
[Result "1/2-1/2"]
[WhiteElo "1160"]
[BlackElo "1306"]
[PlyCount "62"]
[EventDate "2020.01.19"]
[EventType "swiss"]
[EventRounds "11"]
[EventCountry "TUR"]
[SourceTitle "CBM 195 Extra"]
[Source "ChessBase"]
[SourceDate "2020.05.31"]
[SourceVersion "1"]
[SourceVersionDate "2020.05.31"]
[SourceQuality "1"]

1. d4 Nf6 2. Nf3 e6 3. Bf4 d5 4. e3 c5 5. c3 Be7 6. Bd3 Nbd7 7. 0-0 Nh5 8. Be5 f6 9. Bg3 Nxg3 10. hxg3 0-0 11. Qc2 f5 12. Nbd2 Nf6 13. Ne5 c4 14. Be2 Qe8 15. g4 Ne4 16. gxf5 exf5 17. b3 Nxd2 18. Qxd2 cxb3 19. axb3 Bd6 20. f4 Be6 21. c4 Rf6 22. Bf3 b5 23. cxd5 Bc8 24. Rfc1 Bb7 25. g3 a6 26. Kf2 Rd8 27. Nc6 Rd7 28. Ne5 Rd8 29. Nc6 Rd7 30. Na5 Ba8 31. Nc6 Bb7 1/2-1/2